Las retaguardias sin vanguardias (2): acerca de los nuevos movimientos sociales en América Latina /
Збережено в:
| Автор: | |
|---|---|
| Формат: | Текст |
| Предмети: | |
| Теги: |
Додати тег
Немає тегів, Будьте першим, хто поставить тег для цього запису!
|
MARC
| LEADER | 00000 a a2200000 04500 | ||
|---|---|---|---|
| 001 | 18104 | ||
| 003 | |||
| 040 | |||
| 100 | |a Mires, Fernando | ||
| 245 | |a Las retaguardias sin vanguardias (2): |b acerca de los nuevos movimientos sociales en América Latina / |c Fernando Mires | ||
| 650 | |a MOVIMIENTOS SOCIALES | ||
| 650 | |a POLITICA | ||
| 650 | |a DIPLOMACIA | ||
| 650 | |a CLASE OBRERA | ||
| 773 | |g volumen 6, número 25; (1982) Páginas 387-390 | ||
| 999 | |c 33850 |d 33850 | ||
| 773 | 0 | |0 42391 |9 4147 |a Agencia Latinoamericana de Información, ALAI |d Quito, Ecuador: ALAI |o 03929 |t ALAI: |x 08275564 (Servicio mensual de información y documentación) | |
